| 000 | 00633nam a2200169 a 4500 | ||
|---|---|---|---|
| 001 | 000040992 | ||
| 005 | 20201002034532.0 | ||
| 008 | 090715s2011 dr 000 0 spa d | ||
| 040 |
_aDO-SdBNP _bspa _cBNPHU |
||
| 082 |
_axxx _bxx |
||
| 110 | 1 |
_aRepública Dominicana _9447 |
|
| 240 | 1 | 0 | _a[Leyes, etc.] |
| 245 | 1 | 0 |
_aCódigo de comercio de la República Dominicana / : _bactualizado con las leyes 3-02 y 146-02; 479-08 completa (Mod. por ley 178-09 y 31-11) y otras actualizaciones hecha por la suprema en la edición 2007. |
| 250 | _a7a. ed. | ||
| 260 |
_aMoca, República Dominicana : _bDalis, _c2011. |
||
| 300 |
_a432 p. ; _c15 cm. |
||
| 999 |
_c40482 _d40482 |
||